| 000 | 01248cam a2200397 i 4500 | ||
|---|---|---|---|
| 999 |
_c200443075 _d61287 |
||
| 003 | TR-AnTOB | ||
| 005 | 20230720222756.0 | ||
| 007 | ta | ||
| 008 | 130815s20162013tu 000 0 tur d | ||
| 020 | _a9786054729074 | ||
| 040 |
_aTR-AnTOB _beng _erda _cTR-AnTOB |
||
| 041 | 1 |
_atur _heng |
|
| 050 | 0 | 0 |
_aBF315 _b.E2419 2016 |
| 090 |
_aBF315 _b.E2419 2016 |
||
| 100 | 1 |
_aEagleman, David _eauthor _992262 |
|
| 240 | 1 | 0 |
_aIncognito. _lTurkish. |
| 245 | 1 | 0 |
_aİncognito : _bbeynin gizli hayatı / _cDavid Eagleman ; çeviri Zeynep Arık Tozar. |
| 246 | 3 | 1 | _aIncognito : the secret lives of the brain. |
| 250 | _a18. baskı: Temmuz 2018 | ||
| 264 | 1 |
_aİstanbul : _bDomingo Yayınevi, _c2016. |
|
| 300 |
_a294 pages : _billustrations ; _c23 cm |
||
| 336 |
_2rdacontent _atext _btxt |
||
| 337 |
_2rdamedia _aunmediated _bn |
||
| 338 |
_2rdacarrier _avolume _bnc |
||
| 650 | 0 |
_9117411 _aBrain |
|
| 650 | 2 | 0 |
_aSubconsciousness _992264 |
| 650 | 2 | 0 |
_aPsychology _92694 |
| 650 | 0 | 7 |
_aBilinçaltı _2etuturkob _992267 |
| 650 | 2 | 7 |
_aPsikoloji _2etuturkob _96750 |
| 650 | 0 |
_aBeyin _992268 |
|
| 650 | 2 |
_aPerception _947536 |
|
| 650 | 2 |
_aAlgı _947535 |
|
| 700 | 1 |
_aTozar, Zeynep Arık _etranslator _992263 |
|
| 942 |
_cBK _2lcc |
||